| 000 | 00338nam a22001457a 4500 | ||
|---|---|---|---|
| 999 |
_c529162 _d529162 |
||
| 003 | NUST | ||
| 038 | _aMSOHAIL | ||
| 082 | _a0 | ||
| 100 |
_aFatima Jinnah _921027 |
||
| 245 | _aMera Bai | ||
| 260 |
_aLAHORE _bAl-Faisal _c2009 |
||
| 300 |
_a112,p; _c25cm _fH.B |
||
| 650 |
_aURDU ADAB-NOVEL.URDU LITERATURE-NOVEL. _920927 |
||
| 942 |
_cBK _2ddc |
||